Water directory.
| Corporate Author: | |
|---|---|
| Format: | Book |
| Published: |
Rajasthan:
Confederation of Indian Industry (CII), Water Institute,
2010.
|
| Subjects: |
| LEADER | 00540cam a2200157 7i4500 | ||
|---|---|---|---|
| 001 | 0000025396 | ||
| 005 | 20101221090000.0 | ||
| 090 | 0 | 0 | |a INDA 628.1 |b CON |
| 110 | 2 | 0 | |a Confederation of Indian Industry (CII) |
| 245 | 2 | 0 | |a Water directory. |
| 260 | 0 | 0 | |a Rajasthan: |b Confederation of Indian Industry (CII), Water Institute, |c 2010. |
| 300 | # | # | |a 496 p. |
| 650 | 0 | 0 | |a Water -- |x Directories -- |z India |
| 650 | 0 | 0 | |a Water industry and trade -- |x Directories -- |z India |
| 651 | 0 | 0 | |a India |
| 999 | |a 0000027930 |b Directories |c Countries |e Business Information Centre | ||